HARVESTING of small-dimension logs
| Format: | Book |
|---|---|
| Published: |
Helsinki, Finland :
Jaakko Poyry ,
1985
|
| Subjects: |
MARC
| LEADER | 00000cam a2200000 7i4500 | ||
|---|---|---|---|
| 001 | 0000001536 | ||
| 005 | 20010730.0 | ||
| 090 | 0 | 0 | |a 634.982 |b HAR 1985 |
| 245 | 0 | 0 | |a HARVESTING of small-dimension logs |
| 260 | 0 | 0 | |a Helsinki, Finland : |b Jaakko Poyry , |c 1985 |
| 300 | |a Various pagings ; |c 30 cm. | ||
| 500 | 0 | 0 | |a Finnish Malaysian scientific, technical and economic - cooperation project |
| 650 | 0 | 0 | |a Logging |z Peninsular Malaysia |
| 998 | |a JPSM | ||
| 999 | |a 0000002946 |b Monograph |c Open Shelf |e Default branch | ||